=LDR 00000nam 2200000 4500 =001 INLIS000000000027222 =005 20130612125620 =008 ***********************************Ind** =035 ##$$0010-061300000027222 =041 ##$$a Ind =082 ##$$a 535.02 =090 ##$$a 535.02, Bre c =100 ##$$a Brenda, Brian =245 ##$$a Cahaya energi dan gerak, Brian Brenda =260 ##$$a 2005 $b Bandung =300 ##$$a v, 33 hlm, ilus, 28 cm =650 ##$$a Cahaya-Aneka Ragam =850 ##$$a NBPNMAT